Od spoločného k súkromnému 10 rokov privatizácie na Slovensku
Enregistré dans:
| Format: | Livre |
|---|---|
| Langue: | slovaque |
| Publié: |
Bratislava
M.E.S.A. 10
1999
|
| Sujets: | |
| Tags: |
Pas de tags, Soyez le premier à ajouter un tag!
|
MARC
| LEADER | 00000nam a2200000 4500 | ||
|---|---|---|---|
| 001 | c117166 | ||
| 005 | 20221102132759.1 | ||
| 020 | |a 80-968293-0-0 | ||
| 041 | 0 | |a slo | |
| 044 | |a SK | ||
| 245 | 1 | 0 | |a Od spoločného k súkromnému |b 10 rokov privatizácie na Slovensku |
| 264 | 1 | |a Bratislava |b M.E.S.A. 10 |c 1999 | |
| 300 | |a 166 s. | ||
| 610 | 2 | 0 | |a privatizácia |
| 610 | 2 | 0 | |a vlastníctvo |
| 610 | 2 | 0 | |a vlastníctvo súkromné |
| 610 | 2 | 0 | |a vlastníctvo štátne |
| 610 | 2 | 0 | |a dlhopisy |
| 610 | 2 | 0 | |a dlhopisy štátne |
| 610 | 2 | 0 | |a monopoly |
| 610 | 2 | 0 | |a banky |
| 610 | 2 | 0 | |a majetok štátny |
| 610 | 2 | 0 | |a korupcia |
| 610 | 2 | 0 | |a SVE |
| 610 | 2 | 0 | |a Slovensko |
| 610 | 2 | 0 | |a štúdie prípadové |
| 610 | 2 | 0 | |a reformy hospodárske |